| 000 | 00901nam a2200277 a 4500 | ||
|---|---|---|---|
| 001 | 000039127 | ||
| 003 | OSt | ||
| 005 | 20240412074259.0 | ||
| 008 | 130527s2013 dr 000 0 spa d | ||
| 020 | _a9789945460650 | ||
| 040 |
_aDO-SdBNP _bspa _cDO-SdBNP |
||
| 082 |
_aRD863.44 _bG277d, 2013 |
||
| 100 | 1 |
_aGautier, Manuel Salvador _914947 _d1930- |
|
| 245 | 1 | 0 |
_aDimensionando a Dios / _cManuel Salvador Gautier. |
| 250 | _a2a. ed. | ||
| 260 |
_aSanto Domingo : _bSantuario, _c2013. |
||
| 300 |
_a198 p. ; _c23 cm. |
||
| 500 | _aIncluye datos biográficos del autor en las solapas | ||
| 586 | _aPremio Nacional Feria del Libro Eduardo León Jiménez 2011 | ||
| 590 | _aInventariado, 2020/VM | ||
| 650 | 0 |
_aNovela histórica dominicana. _9860 |
|
| 650 | 0 |
_aLiteratura dominicana. _967 |
|
| 651 | 7 |
_aRepública Dominicana _xHistoria _xNovela _910015 |
|
| 942 |
_2ddc _cLF1 |
||
| 956 | _aVMateo | ||
| 999 |
_c38617 _d38617 |
||